000 00341nam a2200181Ia 4500
100 _aMurach/Joel
650 _aAndroid
250 _a2
942 _cBK
366 _f20
654 _aandroid
245 _aMurach's Android programming
260 _bSPD
_c2015
082 _bMUR
300 _a663
546 _aENGLISH
999 _c32201
_d32201